000 00524nam a22001812 4500
001 0000001014
005 20170406113046.0
008 131122s xx 000 0 eng d
020 _c$
040 _aYour Holding Symbol
_cYour Holding Symbol
100 1 _aHaar,ter.Gerrie.
245 1 0 _aFaith of our fathers :
_bstudies on religious education in sub-saharan Africa.
250 _a ed.
260 _aAfrica :
_bGodgeleerdheid,
_c1990.
300 _a173 p. ;
_c cm.
650 0 _atheology.
908 _a131122
999 _c933
_d933